[Event "IOM chesscom Masters 2018"]
[Site "Douglas"]
[Date "2018.10.27"]
[Round "8"]
[White "Deac, Bogdan-Daniel"]
[Black "Henderson de La Fuente, Lance"]
[Result "1-0"]
[WhiteElo "2594"]
[BlackElo "2484"]
[PlyCount "147"]
[EventDate "2018.10.17"]
[EventType "swiss"]
[EventCountry "GBR"]
[Tiebreak "Sonneborn-Berger (Swiss)"]
[SourceTitle "playchess.com"]
[Source "ChessBase"]
[SourceQuality "1"]

1. d4 Nf6 2. c4 e6 3. g3 d5 4. Bg2 Bb4+ 5. Nd2 O-O 6. Ngf3 dxc4 7. Qc2 a5 8. a3
Be7 9. Nxc4 b5 10. Nce5 Bb7 11. O-O Be4 12. Qb3 c6 13. a4 Bd5 14. Qd3 Na6 15.
Bd2 bxa4 16. Rxa4 Nb4 17. Qe3 Qb6 18. Rc1 Rac8 19. Bxb4 axb4 20. Nd3 Ra8 21.
Rxa8 Rxa8 22. Nfe5 Rd8 23. Nxc6 Bxc6 24. Rxc6 Qxd4 25. Qxd4 Rxd4 26. Rc8+ Bf8
27. Bf1 g5 28. e3 Rd7 29. Nxb4 Rb7 30. Nd3 Kg7 31. Be2 Be7 32. Kf1 Nd5 33. Bf3
Rb3 34. Bxd5 Rxd3 35. Bc4 Rd1+ 36. Kg2 Rd2 37. Rc7 Kf6 38. Rb7 Bc5 39. Kf1 Be7
40. Be2 Rc2 41. b4 Rb2 42. b5 h6 43. Bh5 Rb1+ 44. Kg2 Rb2 45. h3 Rc2 46. b6 Rb2
47. Kf3 e5 48. Ke4 Rxf2 49. Rc7 Rb2 50. b7 Bd6 51. Rd7 Bc5 52. Kd5 Be7 53. Bf3
Rb6 54. Rc7 Rb3 55. Be2 Bd8 56. Rd7 Be7 57. Kc6 Rc3+ 58. Kb5 Rb3+ 59. Ka5 Bc5
60. Bc4 Rb2 61. Rxf7+ Kg6 62. e4 Rb1 63. Rd7 Kf6 64. g4 Rb2 65. Bd5 Rb1 66.
Rf7+ Kg6 67. Rf3 Bd6 68. Ka6 Bb8 69. Rf8 Bd6 70. Rd8 Bc7 71. Rc8 Bd6 72. Rc6
Ra1+ 73. Kb5 Rb1+ 74. Ka4 1-0

[Event "IOM chesscom Masters 2018"]
[Site "Douglas"]
[Date "2018.10.27"]
[Round "8"]
[White "Adhiban, B.."]
[Black "Christiansen, Johan-Sebastian"]
[Result "1-0"]
[WhiteElo "2668"]
[BlackElo "2541"]
[PlyCount "115"]
[EventDate "2018.10.17"]
[EventType "swiss"]
[EventCountry "GBR"]
[Tiebreak "Sonneborn-Berger (Swiss)"]
[SourceTitle "playchess.com"]
[Source "ChessBase"]
[SourceQuality "1"]

1. d4 Nf6 2. c4 e6 3. Nf3 d5 4. g3 dxc4 5. Bg2 Nc6 6. Qa4 Bb4+ 7. Bd2 Nd5 8.
Bxb4 Ndxb4 9. O-O Rb8 10. Na3 O-O 11. Qb5 b6 12. Qxc4 Ba6 13. Nb5 Qd5 14. Qxd5
Nxd5 15. a4 Na5 16. Ne5 Rbd8 17. Nxa7 Bxe2 18. Rfe1 Ba6 19. Nac6 Nxc6 20. Nxc6
Rd6 21. Rac1 Nf6 22. Red1 Re8 23. Nb4 Be2 24. Rd2 c5 25. Rxe2 cxb4 26. Rc4 Red8
27. Rd2 b3 28. Rd3 g6 29. f4 Kg7 30. Bf3 h6 31. h4 g5 32. hxg5 hxg5 33. fxg5
Nh7 34. Rxb3 Nxg5 35. Bc6 e5 36. Rb5 Rc8 37. d5 e4 38. Rc3 Rf6 39. d6 Nf3+ 40.
Kg2 Rh8 41. g4 Ne1+ 42. Kg3 Rh1 43. Rg5+ Kh6 44. Bxe4 Kxg5 45. Bxh1 Rxd6 46.
Be4 Rd2 47. Rb3 Re2 48. Rb5+ Kf6 49. Kf4 Rf2+ 50. Ke3 Rh2 51. Rxb6+ Kg5 52. a5
Nc2+ 53. Bxc2 Rxc2 54. a6 Rc4 55. Rb5+ Kxg4 56. Ra5 Rc8 57. a7 Ra8 58. b4 1-0

[Event "IOM chesscom Masters 2018"]
[Site "Douglas"]
[Date "2018.10.27"]
[Round "8"]
[White "Kramnik, Vladimir"]
[Black "Xiong, Jeffery"]
[Result "1/2-1/2"]
[WhiteElo "2779"]
[BlackElo "2656"]
[PlyCount "138"]
[EventDate "2018.10.17"]
[EventType "swiss"]
[EventCountry "GBR"]
[Tiebreak "Sonneborn-Berger (Swiss)"]
[SourceTitle "playchess.com"]
[Source "ChessBase"]
[SourceQuality "1"]

1. e4 c5 2. Nf3 d6 3. Bc4 Nf6 4. d3 Nc6 5. O-O Bg4 6. h3 Bxf3 7. Qxf3 g6 8. Nc3
Bg7 9. Qd1 O-O 10. a3 a6 11. Ba2 b5 12. Bg5 e6 13. Qd2 Qa5 14. f4 b4 15. axb4
cxb4 16. Ne2 b3 17. Qxa5 Nxa5 18. cxb3 h6 19. Bh4 Rab8 20. b4 Nc6 21. Be1 Nxb4
22. Bb1 Nd7 23. Bc3 Rb6 24. f5 exf5 25. exf5 g5 26. f6 Bh8 27. Bd4 Rc6 28. Ng3
Nd5 29. Ra5 Nf4 30. Nf5 Re8 31. Kh1 Bxf6 32. Nxh6+ Kg7 33. Nf5+ Kf8 34. b4 d5
35. Bf2 Rb8 36. g3 Nxh3 37. Be3 d4 38. Nxd4 Bxd4 39. Bxd4 Rxb4 40. Rd5 Ke7 41.
Ba2 Rc2 42. Bc4 f6 43. Re1+ Kd8 44. Bxf6+ Kc8 45. Bd4 Nf2+ 46. Bxf2 Rxf2 47.
Bxa6+ Kc7 48. Rc1+ Kb6 49. Rd6+ Ka7 50. Ra1 Ne5 51. Rh6 Kb8 52. Rh8+ Kc7 53.
Rc1+ Kd6 54. Rh6+ Kd5 55. Rh2 Rbb2 56. Rxf2 Rxf2 57. Kg1 Rb2 58. Rf1 Kd4 59.
Rf2 Rxf2 60. Kxf2 Ng4+ 61. Ke2 Ne5 62. Kf2 Ng4+ 63. Kf3 Ne5+ 64. Ke2 Ng4 65.
Bb7 Ne5 66. Be4 Ng4 67. Bf5 Ne5 68. Kf2 Nc6 69. Ke2 Ne5 1/2-1/2

[Event "IOM chesscom Masters 2018"]
[Site "Douglas"]
[Date "2018.10.28"]
[Round "9"]
[White "Rapport, Richard"]
[Black "Leko, Peter"]
[Result "1/2-1/2"]
[WhiteElo "2725"]
[BlackElo "2690"]
[PlyCount "60"]
[EventDate "2018.10.17"]
[EventType "swiss"]
[EventCountry "GBR"]
[Tiebreak "Sonneborn-Berger (Swiss)"]
[SourceTitle "playchess.com"]
[Source "ChessBase"]
[SourceQuality "1"]

1. e4 e5 2. Bc4 Nf6 3. d3 Nc6 4. Nc3 Na5 5. Bb3 Bb4 6. Nge2 O-O 7. O-O Nxb3 8.
axb3 d5 9. Bg5 dxe4 10. Nxe4 Be7 11. Nxf6+ Bxf6 12. Bxf6 Qxf6 13. Qd2 b6 14.
Qc3 Qd6 15. Ng3 f6 16. b4 Bb7 17. Nf5 Qd7 18. Ne3 a6 19. Rfd1 Rad8 20. Rd2 Rfe8
21. Rad1 Qc6 22. Qb3+ Kf8 23. Qa3 Kg8 24. Qb3+ Kf8 25. f3 Qe6 26. Qc3 Re7 27.
Qc4 Qxc4 28. Nxc4 Red7 29. Kf2 Kf7 30. Ne3 Bc6 1/2-1/2